000 00579nam a2200241Ia 4500
003 OSt
005 20221005121057.0
006 a|||||r|||| 00| 0
007 ta
008 221004b |||||||| |||| 00| 0 eng d
024 _a57034
037 _cTextual
040 _aCRL
_cCRL
_beng
041 _2eng
_aeng
082 _aU:23692k, A74
110 _aPunjab
245 0 _aGazetteer of the Ferozepore district
_b 1883-84
260 _c1877
650 _aGEOGRAPHY
700 _aPunjab
942 _hU:23692k, A74
_cTEXL
_2cc
999 _c1040005
_d1040005